Business directory 2002-2003.
| Format: | Book |
|---|---|
| Published: |
Baabdat-El-Metn:
Art Vision Sarl,
[2002].
|
| Edition: | 9th ed. |
| Subjects: |
| LEADER | 00430cam a2200145 7i4500 | ||
|---|---|---|---|
| 001 | 0000015387 | ||
| 005 | 20050423090000.0 | ||
| 090 | 0 | 0 | |a LEAN 338.7025 |b BUS |
| 245 | 0 | 0 | |a Business directory 2002-2003. |
| 250 | 0 | 0 | |a 9th ed. |
| 260 | 0 | 0 | |a Baabdat-El-Metn: |b Art Vision Sarl, |c [2002]. |
| 300 | # | # | |a [v.p]. |
| 650 | 0 | 0 | |a Business -- |x Directories -- |z Lebanon |
| 651 | 0 | 0 | |a Lebanon |
| 999 | |a 0000017004 |b Directories |c Countries |e Business Information Centre | ||